Arsenal Players With Over 50 PL Goals-Blitz - Statistics

General Stats
  • This quiz has been taken 193 times
  • The average score is 5 of 8
Answer Stats
Goals Answer % Correct
175 Henry
100%
194 Wright
82%
96 Van Persie
78%
62 Pires
71%
73 Giroud
69%
65 Walcott
56%
60 Sanchez
55%
87 Bergkmp
0%
No matching quizzes found
Score Distribution
Percent of People with Each Score
Percentile by Number Answered
Your Score History
You have not taken this quiz